00669nam a22002297a 450000500170000001000130001702000100003003500130004003700160005304000120006908200190008110000320010024500830013224600460021526000830026127000140034430000200035865000150037865000180039365000150041165000130042620170123162348.0 aA-550972 c40.00 aA-550972 bCen Lib/Ret aDPLbUR a080bق م ر  aقمر آستان خان  aصراط مستقیم /cقمر آستان خان bحیات و افکار / aSirat-e-mustaqeem /bby Qamar Astan Khan  aپٹنہ bخدا بخش ورئیےنٹل پبلک لائبریری c1992 bپٹنہ  a216p.c21cm(Hb) aصحافت aمضامین  aJournalism aArticles